| 000 | 00833nam a22002177a 4500 | ||
|---|---|---|---|
| 005 | 20240530110543.0 | ||
| 008 | 160517s2014 su a f b 000 0 ara d | ||
| 017 |
_a1434/7508 _bالسعودية . مكتبة الملك فهد الوطنية |
||
| 020 | _a9786038139011 | ||
| 040 | _aEG-CaGPL | ||
| 082 | 0 | 4 |
_221 _a155.916\ _bهـ س |
| 100 | 0 | _aهالة خير سنارى اسماعيل | |
| 245 | 1 | 2 |
_aالسلوك النمطى لدى المعاقين فكريا / _cهالة خير سنارى اسماعيل |
| 250 | _aط. 1 | ||
| 260 |
_aالرياض : _bدار الزهراء ، _c2014 . |
||
| 300 |
_a160 ص : _bجداول ؛ _c24 سم . |
||
| 504 | _aيشتمل على ارجاعات ببليوجرافية | ||
| 650 | 0 | 4 | _aالسلوك ( علم النفس ) |
| 650 | 0 | 4 |
_aالمعوقون _xعلم نفس |
| 942 |
_2ddc _cBK |
||
| 999 |
_c62289 _d62289 |
||